| 000 | 00357nam a2200145Ia 4500 | ||
|---|---|---|---|
| 008 | 220204s9999 xx 000 0 und d | ||
| 082 |
_a582.28 _bBIL |
||
| 100 | _aBILGRAMI, K S | ||
| 245 | 0 | _aPhysiology of fungi. | |
| 260 |
_aNew Delhi _bVikas _c1978 |
||
| 650 | _aFungal metabolites | ||
| 650 | _aFungi Physiology | ||
| 700 | _aVERMA, R N | ||
| 942 | _cBK | ||
| 999 |
_c27301 _d27301 |
||